00220nam a2200085Ia 4500001000800000005001700008008004100025245003900066260002900105119408020250827021723.0250824s9999 xx 000 0 und d 0aAYI VE ARILARcKORAY AVCI ÇAKMAK bKIRMIZI KEDİ YAYINLARI